[Event "17th Aeroflot Open-A 2019"]
[Site "Moscow"]
[Date "2019.02.23"]
[Round "4.6"]
[White "Esipenko, Andrey"]
[Black "Wei, Yi"]
[Result "0-1"]
[WhiteElo "2603"]
[BlackElo "2733"]
[Annotator "TA"]
[PlyCount "154"]
[EventDate "2019.02.19"]
[EventCountry "RUS"]
[SourceTitle "playchess.com"]
[Source "ChessBase"]
[SourceQuality "1"]

{[%evp 21,154,32,23,-18,-4,-8,-14,-14,-24,-20,-16,-35,-31,-57,-69,-68,-75,-89,-73,-62,-33,-18,-41,-52,-29,-30,-24,-30,-23,-37,0,0,0,0,0,0,0,0,0,-12,-8,-23,-1,-58,-56,-56,-55,-58,-61,-50,-42,-94,-35,-43,-49,-42,-45,-47,-50,-72,-67,-96,-19,-33,-15,-28,-17,-16,-8,-17,-15,-15,0,-8,-8,0,0,-8,-8,-8,0,0,0,0,0,0,0,0,-4,-7,-8,-8,-8,-1894,-1853,-29952,-29954,-29963,-29961,-29962,-29963,-29960,-29965,-29963,-29964,-29968,-29967,-29968,-29970,-29967,-29970,-29970,-29971,-29970,-29970,-29975,-29976,-29977,-29978,-29980,-29981,-29981,-29983,-29983,-29983,-29983,-29981,-29980,-29982,-29982,-29982,-29982,-29980,-29979,-29976]} 1. d4 Nf6 2. c4 g6 3. Nc3 d5 4. Nf3 Bg7 5. cxd5 Nxd5 6. e4 Nxc3 7. bxc3 c5 8. Rb1 O-O 9. Be2 Nc6 10. d5 Ne5 11. Nxe5 Bxe5 12. O-O {D85: Exchange Grünfeld: Unusual White 7th moves and lines with 7 Nf3} (12. Qd2 e6 13. f4 Bc7 14. O-O exd5 15. exd5 Ba5 16. Ba3 Qd6 17. Rb5 Bb6 18. c4 Bf5 19. g4 Be4 20. Bb2 f6 21. g5 Qd7 22. Bxf6 Bd8 23. Bb2 Qh3 24. Rf2 Bxg5 25. Rxb7 {1-0 (35) Korobov,A (2700)-Smirin,I (2655) Poikovsky 2015}) 12... Bxc3 13. Bh6 Bg7 $146 ({Predecessor:} 13... Re8 14. Qb3 Bd4 15. Be3 e5 16. Bb5 Rf8 17. Bh6 a6 18. Bxf8 Qxf8 19. Be2 b5 {½-½ (19) Ferreira,J (2338)-Tomazini,A (2318) Albena 2011}) 14. Bxg7 {The position is equal.} Kxg7 15. Qc2 b6 16. Qc3+ f6 17. f4 e6 18. Rbd1 {dxe6 is the strong threat.} exd5 19. Rxd5 Qe7 20. e5 Bb7 21. Rd6 Rad8 $1 {[%cal Rd8d6]} 22. Rfd1 $1 Rxd6 23. Rxd6 {next Bg4 is good for White.} Bc8 24. Bc4 fxe5 25. fxe5 Rf5 26. Rc6 $1 Bb7 27. Rd6 {Hoping for e6+.} Kh6 28. Qh3+ Rh5 $1 {[%cal Rh5h3]} 29. Qe3+ Qg5 $1 {[%cal Rg5e3]} 30. Qxg5+ Rxg5 $11 {[%mdl 4096] Endgame KRB-KRB} 31. e6 $1 {[%cal Re6e7]} Re5 32. Rd7 (32. h4 $11) 32... Bc6 $1 $15 {[%cal Rc6d7]} 33. Rc7 $1 {[%cal Rc7c6]} Be8 34. Rc8 Ba4 35. Rc7 {[#]} a6 $1 {[%mdl 512]} 36. e7 {[#]} (36. Kf2 $15) (36. Bxa6 Rxe6) 36... Bb5 (36... Kg5 $1 $17 37. Bxa6 Kf6) 37. Bxb5 axb5 {KR-KR} 38. a3 $1 Kg5 39. Rb7 $1 Kf4 40. Rxb6 Rxe7 41. Rxb5 {[#]} Rc7 (41... Re1+ $1 $17 42. Kf2 Rc1) 42. Kf2 $11 Ke4 43. Ke2 Kd4 44. Rb3 c4 45. Rh3 Rb7 46. Kd1 c3 47. Kc2 Rb2+ 48. Kc1 Rxg2 {Threatens to win with ...h5.} 49. Rxh7 g5 50. a4 g4 51. a5 Ra2 (51... Kd3 $5 52. Rd7+ $8 Kc4 $11) 52. Rg7 Kd3 {[%cal Ra2a1]} 53. Rd7+ Ke3 54. Rg7 Kf3 55. Rf7+ Kg2 56. Rg7 Ra4 57. a6 $2 {[%mdl 8192]} (57. Rh7 $11) 57... Kxh2 $19 58. a7 g3 {Black mates.} 59. Kc2 g2 60. Kb3 Ra1 ({Stronger than} 60... Rxa7 61. Rxa7 g1=Q 62. Rh7+ Kg3 63. Rg7+ Kh2 64. Rxg1 $11) 61. Rh7+ Kg3 62. Rg7+ Kf3 63. Rf7+ Ke4 64. Re7+ Kf5 65. Rg7 {[#]} c2 $1 {[%mdl 512]} 66. Kxc2 {[#]} Rxa7 $1 {[%mdl 576] Promotion} 67. Rxa7 g1=Q {KQ-KR} 68. Rd7 Qc5+ 69. Kd1 Ke4 70. Rd2 Qc4 71. Rh2 Qf1+ 72. Kc2 Ke3 73. Rh6 Qf4 74. Rh3+ Ke2 75. Rc3 Qa4+ 76. Rb3 Qc4+ 77. Kb2 Kd2 {Accuracy: White = 66%, Black = 69%.} 0-1

[Event "17th Aeroflot Open-A 2019"]
[Site "Moscow"]
[Date "2019.02.23"]
[Round "4.7"]
[White "Wang, Hao"]
[Black "Lupulescu, Constantin"]
[Result "1/2-1/2"]
[WhiteElo "2714"]
[BlackElo "2610"]
[Annotator "TA"]
[PlyCount "81"]
[EventDate "2019.02.19"]
[EventCountry "RUS"]
[SourceTitle "playchess.com"]
[Source "ChessBase"]
[SourceQuality "1"]

{[%evp 22,81,23,11,31,20,52,29,33,22,28,14,17,14,42,9,24,28,18,0,4,17,20,16,41,16,27,25,40,25,30,0,0,0,16,0,0,0,21,-13,-14,-6,-7,-7,-6,-20,0,0,0,0,0,0,0,0,0,0,0,0,0,0,5,0]} 1. e4 e6 2. d4 d5 3. Nc3 Nf6 4. Bg5 dxe4 5. Nxe4 Nbd7 6. Nf3 h6 7. Nxf6+ Nxf6 8. Bh4 c5 9. Bd3 cxd4 10. O-O Be7 11. Nxd4 O-O 12. c3 Qb6 {C10: French with 3 Nc3: Unusual Black 3rd moves and 3...dxe4} 13. Qe2 Bd7 14. Rad1 {[%cal Ba1d1,Bd1d3,Bd3g3][%mdl 32]} Rfd8 {White has an edge.} 15. Bb1 {[#]} (15. Rfe1 {with more complications.} Ba4 16. b3 Be8 17. h3 Rac8 18. Bc4) 15... Nd5 $146 ({Predecessor:} 15... Ba4 16. Rd3 Rd5 17. Re3 Bb5 18. Nxb5 Rxb5 19. b3 Rd5 20. Rd3 {½-½ (20) Amonatov,F (2650)-Najer,E (2670) Zvenigorod 2008}) 16. Bxe7 Nxe7 17. Rd3 Nc6 18. Nb3 Be8 19. Rg3 Rd5 20. Qg4 {[%csl Gg3][%cal Rg4g7] [#]} (20. Qe4 {feels hotter.} g6 21. Qf4 Rh5 22. Bd3 Ne7 23. c4) 20... g6 21. Qf4 Rh5 22. Re1 Qd8 23. h3 Qe7 24. Be4 Rd8 25. Rge3 Kg7 26. g4 Rb5 {The position is equal.} 27. Bg2 Rb6 28. Qc4 Nb8 29. Qe2 Rbd6 30. Nd4 Nc6 31. Bxc6 Bxc6 32. Re5 Qf6 33. Qe3 Rd5 34. f4 g5 35. f5 {[%cal Rf5e6]} ({Of course not} 35. Nxc6 gxf4 36. Qxa7 bxc6 $17) 35... Rxe5 36. Qxe5 Qxe5 37. Rxe5 $11 {KRB-KRN} Kf6 38. Ra5 e5 39. Nxc6 bxc6 40. Rxa7 Rd2 41. Ra4 {Accuracy: White = 60%, Black = 50%.} 1/2-1/2

[Event "17th Aeroflot Open-A 2019"]
[Site "Moscow"]
[Date "2019.02.23"]
[Round "4.8"]
[White "Aravindh, Chithambaram VR."]
[Black "Dubov, Daniil"]
[Result "0-1"]
[WhiteElo "2601"]
[BlackElo "2703"]
[Annotator "TA"]
[PlyCount "60"]
[EventDate "2019.02.19"]
[EventCountry "RUS"]
[SourceTitle "playchess.com"]
[Source "ChessBase"]
[SourceQuality "1"]

{[%evp 14,60,24,25,38,17,25,25,27,22,23,24,9,7,57,52,92,45,77,37,49,0,18,29,251,246,233,232,214,173,229,228,228,228,264,263,242,113,138,-686,-672,-7346,-6997,-6122,-624,-5185,-2260,-5314,-5306]} 1. e4 c5 2. Nf3 Nc6 3. Nc3 g6 4. d4 cxd4 5. Nxd4 Bg7 6. Be3 Nf6 7. Bc4 O-O 8. Bb3 Re8 {B35: Sicilian: Accelerated Dragon with 5 Nc3: main line} 9. f3 d5 10. exd5 Nb4 {[%cal Rf6d5] White has an edge.} 11. Nde2 e6 {[%cal Rb4d5]} 12. Qd2 $146 ({Predecessor:} 12. Bd4 exd5 13. Qd2 Nc6 14. O-O-O Nxd4 15. Nxd4 Bd7 16. g4 {1-0 (33) Navara,D (2740)-Gelfand,B (2703) Batumi 2018}) 12... Nbxd5 13. O-O-O Bd7 14. Nxd5 exd5 15. Nc3 a5 16. a4 b5 $1 17. Nxd5 {[#] Bb6 is the strong threat.} (17. Bd4 {is more complex.} bxa4 18. Nxa4 Rb8 19. Rhe1 Rxe1 20. Qxe1 Rb4 21. Nc5) 17... bxa4 (17... Be6 {feels hotter.} 18. Nxf6+ Qxf6 19. Bd4 Qxd4 20. Qxd4 Bxd4 21. Rxd4 Bxb3 22. cxb3 Re2) 18. Bb6 $36 {[%mdl 2048] Black is under pressure.} axb3 $2 (18... Qb8 $11 {and Black is okay.} 19. Nxf6+ {[%mdl 64] Discovered Attack} Bxf6 20. Bxf7+ {[%mdl 64] Decoy} Kxf7 21. Qxd7+ {[%mdl 64] Double Attack} Re7) 19. Bxd8 $18 Raxd8 20. Nxf6+ (20. cxb3 $2 Nxd5 21. Qxd5 Bf5 $19) 20... Bxf6 21. Rhe1 bxc2 (21... Be6 {was called for.}) 22. Rxe8+ (22. Qxc2 Bg5+ 23. Kb1 Rxe1 $11) 22... Rxe8 23. Re1 {[#] aiming for Rxe8+.} ({Inferior is} 23. Qxd7 cxd1=Q+ 24. Qxd1 Rc8+ 25. Kb1 Rb8 $11) ({Wrong is} 23. Qxc2 $2 Bg5+ 24. Kb1 Bf5 $19) (23. Kxc2 $6 Bf5+ 24. Kb3 Rb8+ 25. Ka3 Be6 $16) 23... Rc8 24. g4 ({Resist} 24. Qxa5 $6 Bf5 $16) 24... Be6 25. Qd6 (25. Qf4 $18 Bg7 26. h4) 25... Kg7 {Hoping for ...Bb3.} 26. h3 $2 {[%mdl 8192]} (26. h4 $16 h6 27. Qb6) 26... Bb3 $19 {Black is clearly winning.} 27. g5 Bxg5+ 28. f4 Bf6 (28... Rd8 $142 29. Qxd8 Bxd8) 29. Qb6 a4 30. Re5 Rd8 {Accuracy: White = 33%, Black = 55%.} 0-1

[Event "17th Aeroflot Open-A 2019"]
[Site "Moscow"]
[Date "2019.02.23"]
[Round "4.9"]
[White "Svane, Rasmus"]
[Black "Mamedov, Rauf"]
[Result "1/2-1/2"]
[WhiteElo "2599"]
[BlackElo "2703"]
[Annotator "TA"]
[PlyCount "52"]
[EventDate "2019.02.19"]
[EventCountry "RUS"]
[SourceTitle "playchess.com"]
[Source "ChessBase"]
[SourceQuality "1"]

{[%evp 12,52,39,34,27,42,41,37,25,22,29,25,14,18,20,21,22,21,22,19,22,20,25,36,24,22,28,23,16,16,14,14,26,18,46,40,31,28,24,28,23,16,16]} 1. d4 d5 2. c4 e6 3. Nc3 c5 4. cxd5 exd5 5. Nf3 Nc6 6. dxc5 d4 7. Na4 Bxc5 {[%mdl 64] [#] Decoy. D32: Tarrasch Defence: Sidelines and lines without g3} 8. Nxc5 {And now Nb3 would win.} Qa5+ 9. Bd2 Qxc5 {White is slightly better.} 10. Rc1 Qb6 (10... Qe7 11. e3 Nf6 12. Be2 O-O 13. O-O Rd8 14. Nxd4 Nxd4 15. exd4 Rxd4 {½-½ (71) Jakovenko,D (2749)-Mamedov,R (2708) Ankara 2018}) 11. e3 Nf6 12. Bc4 dxe3 13. Bxe3 Qb4+ 14. Bd2 Qe7+ 15. Qe2 Qxe2+ 16. Kxe2 Be6 $146 17. Bxe6 fxe6 18. Rc4 O-O 19. Rhc1 Rad8 20. Be3 Nd5 21. Ng5 Rf6 22. Ne4 Rf5 23. Nc5 Nxe3 24. Kxe3 Ne5 25. Re4 {aiming for g4.} Rc8 26. Rc3 Ng4+ {Accuracy: White = 78%, Black = 91%.} 1/2-1/2

[Event "17th Aeroflot Open-A 2019"]
[Site "Moscow"]
[Date "2019.02.23"]
[Round "4.10"]
[White "Donchenko, Alexander"]
[Black "Nabaty, Tamir"]
[Result "1/2-1/2"]
[WhiteElo "2600"]
[BlackElo "2688"]
[Annotator "TA"]
[PlyCount "78"]
[EventDate "2019.02.19"]
[EventCountry "RUS"]
[SourceTitle "playchess.com"]
[Source "ChessBase"]
[SourceQuality "1"]

{[%evp 9,78,18,33,35,31,35,27,19,19,19,24,-4,0,-22,-14,-19,-21,-14,-24,-43,-33,-47,-48,-72,-53,-60,-38,-60,-20,-38,-29,-42,-41,-30,-41,-47,-24,-45,-33,-50,-32,-109,-46,-52,-52,-106,-105,-91,-44,-52,-41,-74,-67,-142,-104,-87,0,0,0,0,0,0,0,0,0,5,0,0,0,0,0]} 1. Nf3 d5 2. d4 e6 3. c4 a6 4. Bg5 Be7 5. Bxe7 Nxe7 6. e3 {D30: Queen's Gambit Declined: Systems without Nc3} O-O 7. Nc3 Nd7 8. Rc1 {White has an edge.} dxc4 9. Bxc4 b5 $146 ({Predecessor:} 9... c5 10. dxc5 Nxc5 11. b4 Qxd1+ 12. Rxd1 {½-½ (58) Nakamura,H (2746)-Carlsen,M (2835) St Petersburg 2018}) 10. Bd3 c5 11. a4 c4 12. Bb1 Qb6 13. O-O Bb7 14. e4 Rfd8 15. Qe2 Rac8 16. Rfe1 Ng6 17. axb5 axb5 18. Qe3 Nf6 19. h3 Qa5 20. e5 Nd5 21. Nxd5 Bxd5 22. Ng5 b4 23. Qe2 Qa7 24. Qg4 {White wants to play Bxg6.} Nf8 25. h4 (25. Red1 $15) 25... c3 (25... h6 $17 26. Ne4 Bxe4 27. Rxe4 Ng6) 26. bxc3 $15 bxc3 27. Bc2 (27. Red1 $15) 27... Rc4 $1 $17 28. Red1 Bc6 {[%cal Rc4d4]} 29. Ra1 Qd7 {[%cal Rc4d4]} ({Reject} 29... Rdxd4 $6 30. Rxa7 Rxg4 31. Rd8 $14) 30. Ra3 h6 31. Nh3 (31. Ne4 $15 Bxe4 32. Qxe4) 31... Ng6 {Hoping for ...Nxe5!} ({Much weaker is} 31... Rxd4 $6 32. Rxd4 Qxd4 33. Qxd4 $11) 32. Qg3 {[#]} Rc8 (32... Ba4 $1 $17 {[%cal Ra4c2]} 33. Bxa4 Rxa4 34. Qxc3 {[#]} Nxe5 $1 {[%mdl 512]}) 33. h5 $36 {[%mdl 2048] The position is equal. White is pushing.} Nf8 34. Qd3 Bb5 35. Nf4 Qe7 36. Ra5 Qb4 37. Raa1 {aiming for Rdb1.} Qe7 38. Ra5 Qb4 39. Raa1 {Black must now prevent Rdb1.} Qe7 {Accuracy: White = 33%, Black = 60%.} 1/2-1/2

[Event "17th Aeroflot Open-A 2019"]
[Site "Moscow"]
[Date "2019.02.23"]
[Round "4.11"]
[White "Sjugirov, Sanan"]
[Black "Abdusattorov, Nodirbek"]
[Result "1/2-1/2"]
[WhiteElo "2663"]
[BlackElo "2560"]
[Annotator "TA"]
[PlyCount "144"]
[EventDate "2019.02.19"]
[EventCountry "RUS"]
[SourceTitle "playchess.com"]
[Source "ChessBase"]
[SourceQuality "1"]

{[%evp 16,144,14,0,26,2,0,0,0,10,29,14,44,44,48,47,45,50,47,45,47,51,53,41,41,25,27,20,52,54,78,78,93,93,90,81,98,98,75,73,84,82,75,89,79,92,95,51,64,54,58,35,35,31,31,8,22,0,0,0,0,0,0,0,123,4,4,4,4,4,4,6,4,6,8,8,32,27,110,110,122,122,122,100,101,106,104,104,200,77,81,77,79,8,8,8,8,8,8,2,8,8,8,8,8,8,8,0,8,0,8,0,8,8,8,8,31,8,8,8,8,8,8,8,8,8,8,8,8,8,8]} 1. d4 Nf6 2. c4 e6 3. Nf3 d5 4. Nc3 Be7 5. Bf4 O-O 6. e3 Nbd7 7. c5 {D37: Queen's Gambit Declined: 5 Bf4} Ne4 8. Rc1 Nxc3 9. Rxc3 {LiveBook: 12 Games} c6 10. Bd3 b6 {[%cal Rb6c5]} 11. b4 a5 12. a3 $1 axb4 13. axb4 {[#]} bxc5 $146 ({Predecessor:} 13... Ba6 14. O-O Qc8 15. cxb6 Bxd3 16. Qxd3 {½-½ (31) Edouard,R (2643)-Adams,M (2701) Caleta 2019}) 14. bxc5 Qa5 15. Qc1 Ba6 16. O-O Bxd3 17. Rxd3 Ra7 18. Rb3 Rfa8 19. Qb2 f6 20. Rb1 Qa2 21. Qc1 Qe2 22. h3 Kf7 23. Bg3 Qa2 24. Ne1 Qa6 25. Nd3 Qc8 26. Qd1 g6 27. Qf3 Ra1 28. e4 R8a4 29. Rxa1 Rxa1+ 30. Kh2 Ra4 31. exd5 exd5 32. Qe3 Ra7 $1 33. Bd6 Nf8 $1 34. Rb6 {Strongly threatening Nb4.} Rb7 35. Kg1 Bd8 36. Rb4 Rxb4 37. Nxb4 Qb7 38. Bxf8 Kxf8 39. Qa3 Qe7 (39... f5 $11 {keeps the balance.}) 40. Kf1 (40. g3 $1 $16) 40... Qe4 41. Qa1 $36 {[%mdl 2048] White has some pressure.} Bc7 $1 42. Nxc6 {White wants to play Qe1.} Qd3+ $1 43. Kg1 {Threatens to win with Qe1.} Qb5 44. Na7 Qb7 45. c6 Qb6 46. g3 Bb8 (46... f5 $1 $11) 47. Qa3+ $1 $16 Kf7 48. Qe7+ $1 Kxe7 49. Nc8+ Ke6 50. Nxb6 {[%mdl 4096] Endgame KB-KN} Bc7 {[#]} 51. Nc8 $1 h5 (51... f5 $16) 52. Kf1 (52. Kg2 $18) 52... f5 53. Ke2 g5 {[#]} 54. Kd3 (54. Ke3 $1 $16) 54... g4 $1 $11 {[%cal Rg4h3]} 55. hxg4 fxg4 56. Ke3 Ba5 $1 57. Ke2 Bd8 58. Kf1 Ba5 59. Kg2 Bd8 60. Kg1 Bc7 61. Kf1 Ba5 62. Kg2 Bd8 63. f4 gxf3+ 64. Kxf3 Ba5 65. Kg2 Be1 66. Nb6 Kd6 {The position is equal.} 67. Nxd5 {And now c7 would win.} Kxc6 68. Nf4 Bc3 69. d5+ Kd6 70. Kh3 Be1 71. Nxh5 Bxg3 72. Kxg3 {White wants to mate with Nf4.} Kxd5 {Precision: White = 60%, Black = 66%.} 1/2-1/2

[Event "17th Aeroflot Open-A 2019"]
[Site "Moscow"]
[Date "2019.02.23"]
[Round "4.12"]
[White "Petrosian, Tigran L."]
[Black "Zvjaginsev, Vadim"]
[Result "1/2-1/2"]
[WhiteElo "2595"]
[BlackElo "2642"]
[Annotator "TA"]
[PlyCount "23"]
[EventDate "2019.02.19"]
[EventCountry "RUS"]
[SourceTitle "playchess.com"]
[Source "ChessBase"]
[SourceQuality "1"]

{[%evp 9,23,20,25,4,16,-20,-21,1,5,-15,-15,-20,0,0,14,-3]} 1. Nf3 g6 2. d4 Nf6 3. Nc3 d5 4. Bf4 a6 5. e3 Bg7 6. h3 {D00: 1 d4 d5: Unusual lines} (6. Be2 O-O 7. h4 c5 8. dxc5 Nbd7 9. Nd2 Nxc5 10. h5 Nfe4 11. Ndxe4 Nxe4 12. Nxd5 Bxb2 13. hxg6 fxg6 14. Bc4 e6 {1-0 (102) Romanov,E (2619)-Torosyan,N (2371) Batumi 2018}) 6... c5 {The position is equal.} 7. Bd3 O-O 8. O-O Nc6 9. a3 $146 ({Predecessor:} 9. Na4 Nd7 10. Be2 cxd4 11. exd4 b5 12. Nc3 Nb6 13. Qd2 Bf5 14. a4 b4 {½-½ (22) Zubcu,V (2156)-Vasiesiu,V (2326) Calimanesti 2018}) 9... Re8 10. Bh2 ({Don't play} 10. dxc5 e5 $17) 10... c4 11. Be2 e6 12. Ne5 1/2-1/2

[Event "17th Aeroflot Open-A 2019"]
[Site "Moscow"]
[Date "2019.02.23"]
[Round "4.14"]
[White "Xu, Yi"]
[Black "Indjic, Aleksandar"]
[Result "1/2-1/2"]
[WhiteElo "2520"]
[BlackElo "2630"]
[Annotator "TA"]
[PlyCount "31"]
[EventDate "2019.02.19"]
[EventCountry "RUS"]
[SourceTitle "playchess.com"]
[Source "ChessBase"]
[SourceQuality "1"]

{[%evp 12,31,22,20,17,11,22,18,20,20,37,25,19,25,26,20,21,12,17,0,5,0]} 1. e4 e5 2. Nf3 Nc6 3. Bc4 Nf6 4. d3 Bc5 5. O-O d6 6. c3 a6 7. Bb3 h6 {C54: Giuoco Piano: 4 c3 Nf6, main lines with 5 d4 and 5 d3} 8. Nbd2 Ba7 9. Re1 Be6 (9... g5 10. Nf1 g4 11. N3d2 h5 12. Nc4 b5 13. Nce3 h4 14. Bd5 Nxd5 15. exd5 Ne7 16. Nxg4 Bxg4 17. Qxg4 {0-1 (55) Amin,B (2710)-Fedoseev,V (2719) St Petersburg 2018}) 10. Nf1 Bxb3 11. Qxb3 Rb8 12. Be3 $146 ({Predecessor:} 12. Ng3 O-O 13. Nf5 Kh7 14. d4 Ng8 15. Be3 {1-0 (39) Beukema,S (2355)-Lenaerts,L (2259) Buetgenbach 2016}) 12... Bxe3 13. Nxe3 O-O {The position is equal.} 14. Nd5 Re8 15. Rad1 Nxd5 16. Qxd5 1/2-1/2

[Event "17th Aeroflot Open-A 2019"]
[Site "Moscow"]
[Date "2019.02.23"]
[Round "4.15"]
[White "Sarana, Alexey"]
[Black "Aleksandrov, Aleksej"]
[Result "1/2-1/2"]
[WhiteElo "2630"]
[BlackElo "2574"]
[Annotator "TA"]
[PlyCount "44"]
[EventDate "2019.02.19"]
[EventCountry "RUS"]
[SourceTitle "playchess.com"]
[Source "ChessBase"]
[SourceQuality "1"]

{[%evp 24,33,41,34,20,20,20,21,36,-8,0,-28]} 1. d4 Nf6 2. c4 e6 3. Nf3 d5 4. Nc3 Bb4 5. Bg5 dxc4 6. e4 c5 7. Bxc4 cxd4 8. Nxd4 Bxc3+ 9. bxc3 Qa5 10. Bb5+ Nbd7 11. Bxf6 Qxc3+ 12. Kf1 gxf6 13. h4 Qb4 {D39: Queen's Gambit Declined: Ragozin Defence with 5 Bg5 dxc4} 14. Rh3 {[#] And now Rb1 would win.} a6 $1 {[%cal Ra6b5]} 15. Be2 Qd6 (15... Ne5 16. Rb1 Qd6 17. Rc3 O-O 18. Qd2 Ng6 19. h5 Nf4 20. Qe3 e5 21. Nc2 {½-½ (33) Grischuk,A (2766)-Karjakin,S (2773) Saint Louis 2018}) 16. Rc1 {[%mdl 1024] White has compensation.} Ne5 17. h5 {Predecessor:} Bd7 $146 18. Qd2 Nc6 19. Rd3 Nxd4 20. Rxd4 Qh2 21. f3 Bb5 22. Bxb5+ axb5 {½-½ (22) Hawkins,J (2573)-Rendle,T (2366) England 2018} 1/2-1/2

[Event "17th Aeroflot Open-A 2019"]
[Site "Moscow"]
[Date "2019.02.23"]
[Round "4.16"]
[White "Tabatabaei, M.amin"]
[Black "Kobalia, Mikhail"]
[Result "1-0"]
[WhiteElo "2590"]
[BlackElo "2627"]
[Annotator "TA"]
[PlyCount "65"]
[EventDate "2019.02.19"]
[EventCountry "RUS"]
[SourceTitle "playchess.com"]
[Source "ChessBase"]
[SourceQuality "1"]

{[%evp 9,65,15,25,20,18,29,25,18,25,22,22,22,33,20,33,31,27,28,141,29,35,34,64,16,13,0,0,0,11,31,105,73,97,89,268,227,267,235,381,368,362,366,355,364,731,590,643,638,639,616,652,385,847,843,877,610,602,601]} 1. Nf3 d5 2. g3 Nf6 3. Bg2 c6 4. O-O Bg4 5. h3 Bh5 6. d4 {A07: Réti Opening: New York and Capablanca Systems} e6 7. c4 Be7 (7... Nbd7 8. cxd5 exd5 9. Ne5 Ne4 10. Nd2 Nxd2 11. Bxd2 Nxe5 12. dxe5 Bc5 13. Kh2 O-O {½-½ (31) Svidler,P (2768)-Karjakin,S (2753) Wijk aan Zee 2018}) 8. Nc3 {White has an edge.} Nbd7 9. Ne5 Nxe5 10. dxe5 Nd7 11. cxd5 exd5 12. f4 f5 13. Be3 $146 ({Predecessor:} 13. g4 fxg4 14. e3 O-O 15. hxg4 Bf7 16. Ne2 Bc5 {1-0 (33) Khotenashvili,B (2505)-Gunina,V (2533) Konya 2012}) 13... O-O {[#]} (13... Bf7 $11) 14. Rc1 (14. Nxd5 $1 $16 {[%mdl 512]} cxd5 15. Qxd5+ Kh8 16. Rfd1) 14... Kh8 15. Kh2 g5 16. Qd2 gxf4 17. gxf4 Rg8 18. Rg1 Qf8 19. Bd4 Bc5 {[#]} (19... Nb6 $14) 20. b4 $1 $36 {[%mdl 2560] White has strong initiative.} Bxd4 (20... Bxb4 21. e6+) 21. Qxd4 {aiming for Bxd5!} Qh6 $2 {[#]} ({Avoid the trap} 21... Qg7 $2 22. Bxd5 Bg6 23. Bxg8 $18) (21... Rg6 $16 {keeps fighting.}) 22. Bxd5 $1 $18 {[%mdl 512]} cxd5 23. Nxd5 {And now e6+ would win.} Bg4 (23... Rxg1 $142 24. Rxg1 Qe6) 24. Rg3 Rg7 {[#]} 25. e6 $1 {[%cal Re6d7][%mdl 512]} Nf8 (25... Qxe6 26. Nc7) 26. e7 Ng6 $2 (26... Ne6 27. Qe5 Bxh3 28. Rxh3 Qg6) 27. Nc7 Nxe7 {...Rag8 is the strong threat.} 28. Nxa8 Nc6 29. Qf2 Qh4 {intending ...Bxh3.} 30. Kg1 Re7 $2 (30... Qxg3+ 31. Qxg3 Bxe2) 31. hxg4 {White is clearly winning.} Rxe2 32. Qxe2 {Intending Qb2+ and mate.} Qxg3+ 33. Kh1 {Accuracy: White = 70%, Black = 28%.} 1-0

[Event "17th Aeroflot Open-A 2019"]
[Site "Moscow"]
[Date "2019.02.23"]
[Round "4.17"]
[White "Petrosyan, Manuel"]
[Black "Grachev, Boris"]
[Result "1-0"]
[WhiteElo "2564"]
[BlackElo "2626"]
[Annotator "TA"]
[PlyCount "107"]
[EventDate "2019.02.19"]
[EventCountry "RUS"]
[SourceTitle "playchess.com"]
[Source "ChessBase"]
[SourceQuality "1"]

{[%evp 11,107,18,16,8,8,13,19,10,8,0,1,4,6,-74,-62,-153,-170,-175,-175,-175,-170,-177,-115,-714,-702,-712,-708,-703,-700,-907,-489,-473,0,-908,-902,-870,-858,-1249,-497,-475,-325,-318,-260,-244,-252,-250,-204,-230,-233,-400,-399,-347,-322,-583,-558,-546,-165,-126,-162,-154,-22,0,348,341,427,421,488,504,523,492,494,502,468,434,545,562,550,540,489,435,692,684,1122,767,739,725,818,794,29971,29972,29970,29972,29969,29964,29955,6418,29992,29993]} 1. e4 c5 2. Nf3 e6 3. g3 Nc6 4. Bg2 Nf6 5. Qe2 d6 6. O-O Be7 7. e5 {C00: French: Unusual White 2nd moves} dxe5 8. Nxe5 Nxe5 9. Qxe5 {The position is equal.} O-O 10. Nc3 Ng4 $146 ({Predecessor:} 10... Bd6 11. Qe2 a6 12. d3 Rb8 13. a4 b6 14. Rd1 e5 {1-0 (34) Artemiev,V (2692)-Grachev,B (2654) Sochi 2017}) 11. Qe2 Nh6 12. g4 (12. Nd1 $11 {keeps the balance.}) 12... f5 $17 13. h3 ({White should try} 13. gxf5 $15 Nxf5 14. d3) 13... fxg4 14. hxg4 Bd6 $1 $36 {[%mdl 2048] Black is in control.} 15. Bh3 Qh4 16. Kg2 Rf4 (16... b6 $19 17. Ne4 Bb7) 17. d4 $2 {[%mdl 8192]} (17. Rh1 $17 Nxg4 18. f3) 17... Rxg4+ $1 $19 18. Bxg4 Qh2+ 19. Kf3 Nxg4 20. Qd3 Qh5 21. Kg2 Qh2+ (21... b6 $142 22. Qh3 Qg6) 22. Kf3 c4 23. Qxc4 Qh5 24. Kg2 {[#]} Nh2 (24... b5 $142 $1 {[%mdl 512]} 25. Qd3 (25. Nxb5 Bb7+) 25... Bb7+ 26. d5 Qh2+ 27. Kf3 Ne5+ {[%mdl 64] Double Attack} 28. Ke2 Nxd3 29. cxd3 exd5) 25. f4 Nxf1 26. Qe2 Qg6+ 27. Kxf1 {[#]} e5 $1 {[%mdl 512]} 28. Qg2 (28. dxe5 Bh3+) 28... Qh5 ({Much less strong is} 28... exd4 29. Qxg6 hxg6 30. Ne4) 29. Qd5+ Kh8 {And now ...Bh3+ would win.} 30. Qxd6 $2 (30. fxe5 {was the only chance.} Be7 31. e6 Qh3+ 32. Qg2 Qxe6 33. Qg3) 30... Bh3+ 31. Ke1 {White wants to play Be3.} Qh4+ 32. Kd1 $2 (32. Ke2 {only move.} exd4 33. Qxd4 Bg4+ 34. Kd2 (34. Kd3 $2 Rd8 $19)) 32... Bg4+ 33. Ne2 e4 $2 (33... Re8 34. Kd2 exd4 35. Qxd4 Rxe2+ 36. Kc3 Qe7) 34. Qa3 {[#] Hoping for Qe3.} e3 $1 35. Qxe3 {[#]} Bh5 (35... Qh5 $1 $17 36. Qe5 Bf5) 36. Qg1 $1 $11 {Be3 is the strong threat.} Re8 $2 {[%mdl 8192]} (36... Qh3 $1 $11 37. Kd2 Qf3) 37. Be3 $18 Qe7 38. Kd2 Bxe2 39. Kxe2 Qb4 40. Rd1 Qxb2 41. Rd2 Qxa2 42. Qg2 a5 43. d5 Qa3 44. Qf3 Qd6 45. Qh5 Qd7 (45... g6 $142 46. Qf3 b5) 46. d6 a4 47. Rd5 Rf8 48. Qe5 a3 49. Qe7 {[%cal Re7f8]} Qg4+ 50. Kf2 {[%cal Re7f8]} Rxf4+ 51. Bxf4 Qxf4+ 52. Ke2 Qg4+ 53. Kd2 (53. Kd3 $142 Qd1+ 54. Kc3 Qxd5 55. Qe8+ Qg8 56. d7 h6 57. d8=Q Qxe8 58. Qxe8+ Kh7 59. Kb3) 53... Qb4+ 54. Kd3 {Accuracy: White = 53%, Black = 50%.} 1-0